Statistics for Worst 100 National Team in Soccer 2022

Click here to take the quiz!

General Stats

  • This quiz has been taken 48 times
  • The average score is 48 of 100

Answer Stats

No.Answer% Correct
1San Marino
88%
61Andorra
70%
45Cuba
65%
60Indonesia
65%
34Saint Vincent
65%
16Liechtenstein
63%
24American Samoa
60%
49Fiji
60%
41Guyana
60%
72Saint Kitts
60%
40Saint Lucia
60%
21Samoa
60%
13Seychelles
60%
73Suriname
60%
15Tonga
60%
27Bhutan
58%
69Eswatini
58%
39Grenada
58%
65Lesotho
58%
37Nepal
58%
100North Korea
58%
75Rwanda
58%
84Sudan
58%
85Togo
58%
57Yemen
58%
56Afghanistan
56%
20Bangladesh
56%
28Dominica
56%
66Malaysia
56%
91Niger
56%
52Singapore
56%
76Solomon Island
56%
5Sri Lanka
56%
81Antigua
53%
46Barbados
53%
36Belize
53%
80Central African Republic
53%
8Gibraltar
53%
44Malta
53%
54Myanmar
53%
97Namibia
53%
9Somalia
53%
47South Sudan
53%
77Turkmenistan
53%
3British Virgin Islands
51%
22Brunei
51%
31Chad
51%
19Djibouti
51%
59Dominican Republic
51%
86Gambia
51%
96Guinea Bissau
51%
38Moldova
51%
53Papua New Guinea
51%
48Vanuatu
51%
87Zimbabwe
51%
64Botswana
49%
71Burundi
49%
83Comoros
49%
78Latvia
49%
88Malawi
49%
14Timor Leste
49%
10Bahamas
47%
12Eritrea
47%
25Laos
47%
29Mongolia
47%
26Sao Tome
47%
4Us Virgin Islands
47%
93Angola
44%
35Cambodia
44%
90Faroe Islands
44%
63Kuwait
44%
62Liberia
44%
32Mauritius
44%
98Mozambique
44%
18Pakistan
44%
58Maldives
42%
94Guatemala
40%
68Lithuania
40%
70Nicaragua
40%
79Philippines
40%
11Aruba
37%
43Bermuda
37%
74Ethiopia
37%
92Libya
37%
95Sierra Leone
37%
82Tanzania
37%
89Azerbaijan
35%
99Kazakhstan
35%
67Hong Kong
33%
42Puerto Rico
33%
7Guam
30%
2Anguilla
28%
23Cook Islands
28%
50Tahiti
26%
30Macau
21%
17Cayman Islands
19%
33Montserrat
19%
51New Caledonia
19%
6Turks And Caicos Islands
12%
55Chinese Taipei
7%

Score Distribution

Percentile by Number Answered

Percent of People with Each Score

Your Score History

You have not taken this quiz